000 00824nam a2200265 a 4500
999 _c8723
_d8723
001 8723
003 BD-JhCC
005 20181001173749.0
008 180301s1966 nyua 000 0 eng d
035 _a(BD-JhCC)8723
035 _a(OCoLC)561501
040 _aBD-JhCC
_cODaWU
_dBD-JhCC
_dDLC
041 _aeng
050 0 0 _aTA350.7
_b.P55
082 _a620.11
_bPLA 1966
100 1 _aPlants, Helen Lester.
245 1 0 _aProgrammed topics in statics and strength of materials /
_cHelen Lester Plants [and] Russell Rex Haynes.
260 _aNew York,
_bMcGraw-Hill
_c[1966]
300 _axii, 178 p.
_billus.
_c23 cm.
650 0 _aStatics
_xProblems, exercises, etc.
650 0 _aStrength of materials
_vProblems, exercises, etc.
700 1 _aHaynes, Russell Rex,
942 _2ddc
_cBK